000 00599cam a2200181 i 4500
005 20260215090310.0
008 250721s2008 xxu gr 000 0 eng d
082 1 4 _a610.73
_bM A S
100 1 _asaleh, masaeh
_ePrepared.
245 1 0 _acommunity health nursing /
_cSaleh Masadeh, RN,MSN, Malakeh.Z.Malak,RN,MSN Intisar Al-Nsoor,RN,MSN.
264 3 1 _aعمان :
_bدار تسنيم للنشر,
_c2008.
300 _a274 Page.
650 1 7 _aالتمريض.
650 1 7 _aالصحة العامة.
700 1 _amalak, malakeh
_ePrepared.
942 _2ddc
_cBK
999 _c120702
_d120702